| Tag |
First Indicator |
Second Indicator |
Subfields |
| LEADER |
00000cam a2200000 a 4500 |
| 001 |
in00002139479 |
| 006 |
m e d # |
| 007 |
cr mn mmmmabba |
| 008 |
820127q17311776maua s 000 0 eng d |
| 005 |
20260330195431.6 |
| 035 |
|
|
|z w037929
|
| 035 |
|
|
|a MAAR8201274401B
|
| 035 |
|
|
|9 mwa91-28207
|
| 035 |
|
|
|a 317211
|
| 035 |
|
|
|a aas03037929
|
| 040 |
|
|
|a MWA
|c MWA
|e bdrb
|d UtOrBLW
|
| 245 |
0 |
2 |
|a A Dialogue between Death and a lady :
|b Very suitable for these times.
|
| 264 |
|
1 |
|a [Boston] :
|b Sold at the Heart and Crown in Cornhill, Boston,
|c [between 1731 and 1776]
|
| 300 |
|
|
|a 1 sheet (1 unnumbered page) :
|b illustrations (relief cut) ;
|c 33 x 22 cm.
|
| 336 |
|
|
|a text
|b txt
|2 rdacontent
|
| 337 |
|
|
|a computer
|b c
|2 rdamedia
|
| 338 |
|
|
|a online resource
|b cr
|2 rdacarrier
|
| 500 |
|
|
|a Dialogue in verse.
|
| 500 |
|
|
|a The Heart and Crown, Boston, was the sign of Thomas Fleet (1685-1758) from 1731 to 1757, and of Thomas (1732-1797) and John Fleet from 1757 to 1776.
|
| 500 |
|
|
|a Text in two columns; relief cut (Reilly 1196) at left of title and border ornaments (Reilly 586) separating columns; printed area measures 29.7 x 17.6 cm.
|
| 510 |
4 |
|
|a Bristol
|c B3109
|
| 510 |
4 |
|
|a Shipton & Mooney
|c 42033
|
| 510 |
4 |
|
|a Ford, W.C. Broadsides,
|c 5057
|
| 530 |
|
|
|a Microform version available in the Readex Early American Imprints series.
|
| 533 |
|
|
|a Electronic text and image data.
|b [Chester, Vt. :
|c Readex, a division of Newsbank, Inc.,
|d 2002-2004.
|e Includes files in TIFF, GIF and PDF formats with inclusion of keyword searchable text.
|f (Early American imprints. First series ; no. 42033).
|
| 500 |
|
|
|a Electronic resource.
|
| 650 |
|
0 |
|a Death
|v Poetry.
|
| 655 |
|
7 |
|a Broadsides.
|2 rbgenr
|
| 655 |
|
7 |
|a Dialogues.
|2 rbgenr
|
| 655 |
|
7 |
|a Poems
|y 1731.
|2 rbgenr
|
| 752 |
|
|
|a United States
|b Massachusetts
|d Boston.
|
| 830 |
|
0 |
|a Early American imprints.
|n Series I,
|p Evans (1639-1800) ;
|v no. 42033.
|
| 856 |
4 |
1 |
|u http://proxy.library.tamu.edu/login?url=https://opac.newsbank.com/select/evans/42033
|y Evans Digital Edition
|t 0
|
| 999 |
|
|
|a MARS
|
| 999 |
f |
f |
|s 6cab2651-126e-3ee2-89df-40d154882822
|i 01a350a0-f17a-39f9-be9f-4ccd9bbc4644
|t 0
|
| 952 |
f |
f |
|a Texas A&M University
|b College Station
|c Electronic Resources
|s www_evans
|d Available Online
|t 0
|h No information provided
|
| 998 |
f |
f |
|t 0
|l Available Online
|